| 000 | 00882nam a2200241 a 4500 | ||
|---|---|---|---|
| 005 | 20210223130553.0 | ||
| 008 | 080730s1979 mx r 000 0 spa d | ||
| 035 | _aUPN01000158556 | ||
| 049 | _aUNE | ||
| 080 | _a372.3 (-77) LAN No.3. | ||
| 100 | 1 |
_aLandsheere, Gilbert de, _d1921-2001 _928940 |
|
| 245 | 1 | 0 |
_aEducación pre-escolar en paises en desarrollo : _bel punto de vista de un experto; un documento de apoyo / _cGilbert de Landsheere. |
| 260 |
_aParís : _bUNESCO ; _aNueva York : _bUNICEF , _c1979. |
||
| 300 | _a5 p. | ||
| 440 | 0 |
_aNotes, Comments ... ; _v3. |
|
| 690 | _aEducación preescolar - Países en desarrollo | ||
| 690 | _aEducación preprimaria - Países en desarrollo | ||
| 690 | _aPaíses en desarrollo - Educación preescolar | ||
| 710 | 2 | _aUNESCO | |
| 710 | 2 |
_aUNICEF _924085 |
|
| 710 | 2 |
_aWFP. _bPrograma de Alimentación Mundial. |
|
| 905 | _aUNESCO | ||
| 999 |
_c130670 _d130670 |
||